Szeged szab. kir. város útmutatója

Elmentve itt :
Bibliográfiai részletek
Dokumentumtípus: Könyv
Megjelent: Stephaneum
Kulcsszavak:Szeged - honismeret - adattár
Tárgyszavak:
Online Access:http://misc.bibl.u-szeged.hu/58143
LEADER 00601nam a2200181 i 4500
001 misc58143
005 20210923145438.0
008 210617suuuu hu o 0|| hun d
040 |a SZTE Miscellanea Repozitórium  |b hun 
041 |a hun 
245 0 0 |a Szeged szab. kir. város útmutatója  |h [elektronikus dokumentum] 
260 |a Stephaneum 
300 |a 72 p.  |c 16 cm 
650 4 |a Bölcsészettudományok 
650 4 |a Történettudomány és régészet 
650 4 |a Történettudomány 
695 |a Szeged - honismeret - adattár 
856 4 0 |u http://misc.bibl.u-szeged.hu/58143/1/a_102459.pdf  |z Dokumentum-elérés